<?xml version="1.0" encoding="UTF-8"?><?xml-stylesheet type="text/xsl" href="static/style.xsl"?><OAI-PMH xmlns="http://www.openarchives.org/OAI/2.0/" xmlns:xsi="http://www.w3.org/2001/XMLSchema-instance" xsi:schemaLocation="http://www.openarchives.org/OAI/2.0/ http://www.openarchives.org/OAI/2.0/OAI-PMH.xsd"><responseDate>2026-04-17T15:59:55Z</responseDate><request verb="GetRecord" identifier="oai:www.recercat.cat:2072/477693" metadataPrefix="marc">https://recercat.cat/oai/request</request><GetRecord><record><header><identifier>oai:recercat.cat:2072/477693</identifier><datestamp>2025-07-29T23:15:43Z</datestamp><setSpec>com_2072_98</setSpec><setSpec>col_2072_378192</setSpec></header><metadata><record xmlns="http://www.loc.gov/MARC21/slim" xmlns:dcterms="http://purl.org/dc/terms/" xmlns:xsi="http://www.w3.org/2001/XMLSchema-instance" xmlns:doc="http://www.lyncode.com/xoai" xsi:schemaLocation="http://www.loc.gov/MARC21/slim http://www.loc.gov/standards/marcxml/schema/MARC21slim.xsd">
   <leader>00925njm 22002777a 4500</leader>
   <datafield ind2=" " ind1=" " tag="042">
      <subfield code="a">dc</subfield>
   </datafield>
   <datafield ind2=" " ind1=" " tag="720">
      <subfield code="a">Magrans, Rudys</subfield>
      <subfield code="e">author</subfield>
   </datafield>
   <datafield ind2=" " ind1=" " tag="720">
      <subfield code="a">Ferreira, Francini</subfield>
      <subfield code="e">author</subfield>
   </datafield>
   <datafield ind2=" " ind1=" " tag="720">
      <subfield code="a">Sarlabous, Leonardo</subfield>
      <subfield code="e">author</subfield>
   </datafield>
   <datafield ind2=" " ind1=" " tag="720">
      <subfield code="a">López-Aguilar, Josefina</subfield>
      <subfield code="e">author</subfield>
   </datafield>
   <datafield ind2=" " ind1=" " tag="720">
      <subfield code="a">Gomà, Gemma</subfield>
      <subfield code="e">author</subfield>
   </datafield>
   <datafield ind2=" " ind1=" " tag="720">
      <subfield code="a">Fernandez-Gonzalo, Sol</subfield>
      <subfield code="e">author</subfield>
   </datafield>
   <datafield ind2=" " ind1=" " tag="720">
      <subfield code="a">Navarra-Ventura, Guillem</subfield>
      <subfield code="e">author</subfield>
   </datafield>
   <datafield ind2=" " ind1=" " tag="720">
      <subfield code="a">Fernández, Rafael</subfield>
      <subfield code="e">author</subfield>
   </datafield>
   <datafield ind2=" " ind1=" " tag="720">
      <subfield code="a">Montanyà, Jaume</subfield>
      <subfield code="e">author</subfield>
   </datafield>
   <datafield ind2=" " ind1=" " tag="720">
      <subfield code="a">Kacmarek, Robert</subfield>
      <subfield code="e">author</subfield>
   </datafield>
   <datafield ind2=" " ind1=" " tag="720">
      <subfield code="a">Rué, Montserrat</subfield>
      <subfield code="e">author</subfield>
   </datafield>
   <datafield ind2=" " ind1=" " tag="720">
      <subfield code="a">Forne, Carles</subfield>
      <subfield code="e">author</subfield>
   </datafield>
   <datafield ind2=" " ind1=" " tag="720">
      <subfield code="a">Blanch, Lluís</subfield>
      <subfield code="e">author</subfield>
   </datafield>
   <datafield ind2=" " ind1=" " tag="720">
      <subfield code="a">De Haro, Candelaria</subfield>
      <subfield code="e">author</subfield>
   </datafield>
   <datafield ind2=" " ind1=" " tag="720">
      <subfield code="a">Aquino Esperanza, Jose</subfield>
      <subfield code="e">author</subfield>
   </datafield>
   <datafield ind2=" " ind1=" " tag="260">
      <subfield code="c">2022</subfield>
   </datafield>
   <datafield ind2=" " ind1=" " tag="520">
      <subfield code="a">Dr. Magrans is supported by a Torres Quevedo contract (PTQ2018-010120) from the Agencia Española de Investigacion, Spain. Dr. Sarlabous is supported by Pla Estratègic de Recerca i Innovació en Salut program from the Health Department of Generalitat de Catalunya, Spain. Dr. Blanch is inventor of a U.S. patent owned by the Corporació Sanitària Parc Taulí: "Method and system for managing related patient parameters provided by a monitoring device," U.S. Patent No. 12/538,940. Drs. Montanyà and Blanch own stock options in BetterCare S.L., a research and development spinoff of Corporació Sanitària Parc Taulí (Spain). The remaining authors have disclosed that they do not have any potential conflicts of interest.</subfield>
   </datafield>
   <datafield ind2=" " ind1=" " tag="520">
      <subfield code="a">Supported, in part, by projects PI16/01606, integrated in the Plan Nacional de R+D+I and cofunded by the Instituto de Salud Carlos III-Subdirección General de Evaluación y el Fondo Europeo de Desarrollo Regional. RTC-2017-6193-1 (AEI/FEDER UE). Centro de Investigaciones Biomedicas en Red Enfermedades Respiratorias.</subfield>
   </datafield>
   <datafield ind2=" " ind1=" " tag="520">
      <subfield code="a">OBJECTIVES: To characterize clusters of double triggering and ineffective inspiratory efforts throughout mechanical ventilation and investigate their associations with mortality and duration of ICU stay and mechanical ventilation. DESIGN: Registry-based, real-world study. Background: Asynchronies during invasive mechanical ventilation can occur as isolated events or in clusters and might be related to clinical outcomes. Subjects: Adults requiring mechanical ventilation greater than 24 hours for whom greater than or equal to 70% of ventilator waveforms were available. INTERVENTIONS: We identified clusters of double triggering and ineffective inspiratory efforts and determined their power and duration. We used Fine-Gray's competing risk model to analyze their effects on mortality and generalized linear models to analyze their effects on duration of mechanical ventilation and ICU stay. MEASUREMENTS AND MAIN RESULTS: We analyzed 58,625,796 breaths from 180 patients. All patients had clusters (mean/d, 8.2 [5.4-10.6]; mean power, 54.5 [29.6-111.4]; mean duration, 20.3 min [12.2-34.9 min]). Clusters were less frequent during the first 48 hours (5.5 [2.5-10] vs 7.6 [4.4-9.9] in the remaining period [p = 0.027]). Total number of clusters/d was positively associated with the probability of being discharged alive considering the total period of mechanical ventilation (p = 0.001). Power and duration were similar in the two periods. Power was associated with the probability of being discharged dead (p = 0.03), longer mechanical ventilation (p &lt; 0.001), and longer ICU stay (p = 0.035); cluster duration was associated with longer ICU stay (p = 0.027). CONCLUSIONS: Clusters of double triggering and ineffective inspiratory efforts are common. Although higher numbers of clusters might indicate better chances of survival, clusters with greater power and duration indicate a risk of worse clinical outcomes.</subfield>
   </datafield>
   <datafield tag="653" ind2=" " ind1=" ">
      <subfield code="a">Clusters</subfield>
   </datafield>
   <datafield tag="653" ind2=" " ind1=" ">
      <subfield code="a">Competing risk</subfield>
   </datafield>
   <datafield tag="653" ind2=" " ind1=" ">
      <subfield code="a">Double triggering</subfield>
   </datafield>
   <datafield tag="653" ind2=" " ind1=" ">
      <subfield code="a">Ineffective inspiratory efforts</subfield>
   </datafield>
   <datafield tag="653" ind2=" " ind1=" ">
      <subfield code="a">Patient-ventilator interactions</subfield>
   </datafield>
   <datafield ind2="0" ind1="0" tag="245">
      <subfield code="a">The Effect of Clusters of Double Triggering and Ineffective Efforts in Critically Ill Patients</subfield>
   </datafield>
</record></metadata></record></GetRecord></OAI-PMH>